| 000 | 00817nam a2200253 a 4500 | ||
|---|---|---|---|
| 001 | 25528 | ||
| 003 | CO-ViMGA | ||
| 008 | 141112s2004 ck r 000 u spa d | ||
| 015 | _ack - 2010 - xxxx | ||
| 020 | _a9789583507694 | ||
| 040 |
_aCO-ViMGA _bspa _cCO-ViMGA |
||
| 082 | 0 | 4 | _a340 M66i15 |
| 100 | 1 |
_aMonroy Cabra, Marco Gerardo, 1940 - _938994 |
|
| 245 | 1 | 0 |
_aIntroducción al derecho / _cMarco Gerardo Monroy Cabra |
| 250 | _a15a. ed., aum. y corregida | ||
| 260 |
_aBogotá : _bEditorial Temis, _c2010 |
||
| 300 | _axxvi, 712 p. ; 25 cm | ||
| 500 | _aIncluye índice de autores, de disposiciones, de materias | ||
| 504 | _aBibliografía : p. 663 - 684 | ||
| 598 | _aNEW - GRAL | ||
| 650 | 1 | 4 |
_aDerecho _953554 |
| 942 |
_2ddc _cBK |
||
| 990 | _aEditorial Temis S. A. 2 ejemplares 21 29/03/2011 n a756585 | ||
| 999 |
_c33111 _d33111 |
||